Nackte manner : von 1800 bis heute /

Guardat en:
Dades bibliogràfiques
Autor corporatiu: Leopold Museum
Altres autors: Leopold, Elisabeth, Natter, Tobias G.
Format: Llibre
Idioma:alemany
Publicat: München : Hirmer, 2012
Etiquetes: Afegir etiqueta
Sense etiquetes, Sigues el primer a etiquetar aquest registre!

MARC

LEADER 00000nam a22000007i 4500
001 IT\ICCU\UBO\4015549
003 ItRI
005 20260115232020.0
008 130531s2013 gw |||||| ||||| |||||c
020 |a 9783777457918 (Cover Warhol) 
040 |b ita  |c importazione bologna sebina 
041 7 |a ger  |2 ISO-639-2 
245 0 0 |a Nackte manner :  |b von 1800 bis heute /  |c Leopold Museum ; hrsg. von Tobias G. Natter und Elisabeth Leopold. 
260 |a München :  |b Hirmer,  |c 2012 
300 |a 348 p. :  |b in gran parte ill. ;  |c 29 c 
500 |a Catalogo dell'esposizione Nackte Männer - von 1800 bis heute, 19.10.2012-28.01.2013, Leopold Museum, Wien. 
700 1 |a Leopold, Elisabeth  |0 IT\ICCU\UBOV\355023 
700 1 |a Natter, Tobias G.  |0 IT\ICCU\VEAV\051507 
710 2 |a Leopold Museum  |0 IT\ICCU\VEAV\330425 
942 |2 ddc  |c BK  |n 0 
952 |0 0  |1 0  |4 0  |6 DOC_704_942000000000000_LEO  |7 0  |9 18931  |a BO  |b BO  |d 2026-01-15  |i 16701  |l 0  |o DOC 704.942 LEO  |p BO16701  |r 2026-01-15 23:20:20  |w 2026-01-15  |x [Sebina 7] [1 v.]  |y BK  |z 1 v. 
999 |c 16087  |d 16087